[Event "4NCL Online Division 2"]
[Site "online"]
[Date "2020.09.08"]
[Round "2.83"]
[White "Taylor, William J"]
[Black "Ther, Mate"]
[Result "0-1"]
[WhiteElo "1959"]
[BlackElo "1964"]
[PlyCount "108"]
[EventDate "2020.09.08"]
[WhiteTeam "West is Best B"]
[BlackTeam "Bradford DCA Knights A"]

1. e4 e5 2. Nf3 Nc6 3. Bc4 Bc5 4. O-O Nf6 5. d3 O-O 6. c3 d5 7. exd5 Nxd5 8. a4
a6 9. b4 Be7 10. Re1 Bf6 11. Qc2 Ndxb4 12. cxb4 e4 13. Bb2 exf3 14. Qb3 Bxb2
15. Qxb2 Bf5 16. Nc3 Qg5 17. g3 Rad8 18. Nd5 Be6 19. Nxc7 Bxc4 20. dxc4 Qg4 21.
Re3 Nd4 22. Qb1 Rd6 23. Re4 Ne2+ 24. Kh1 Qh3 25. Qf1 Qf5 26. Re3 Rh6 27. Rxe2
Qh5 28. Qg1 fxe2 29. Nd5 Re8 30. Re1 b5 31. Ne3 Qf3+ 32. Qg2 Qxg2+ 33. Kxg2
bxc4 34. Rxe2 Rc6 35. Rc2 c3 36. Kf3 Rb8 37. Nd5 Kf8 38. a5 Rb5 39. Nxc3 Rxb4
40. Ke3 Rbc4 41. Kd3 R4c5 42. f4 Rxa5 43. Kd4 Rac5 44. Kd3 a5 45. Kd2 a4 46.
Rc1 a3 47. h3 g6 48. g4 Kg7 49. h4 Rc4 50. Ne2 Rxc1 51. Nxc1 Rb6 52. Kc3 f5 53.
g5 Rb1 54. Na2 Rf1 0-1

[Event "4NCL Online Division 2"]
[Site "online"]
[Date "2020.09.08"]
[Round "2.84"]
[White "Bak, Andrew"]
[Black "Hurley, Jake"]
[Result "1-0"]
[WhiteElo "1969"]
[BlackElo "1780"]
[PlyCount "95"]
[EventDate "2020.09.08"]
[WhiteTeam "Bradford DCA Knights A"]
[BlackTeam "West is Best B"]

1. e4 e6 2. d4 a6 3. c4 b5 4. cxb5 axb5 5. Bxb5 Bb7 6. Qe2 f5 7. exf5 Bxg2 8.
Qh5+ g6 9. fxg6 Bg7 10. gxh7+ Kf8 11. hxg8=Q+ Kxg8 12. Qg4 Bxh1 13. Bg5 Qf8 14.
h4 Qb4+ 15. Nc3 Qxb2 16. Rc1 Ra5 17. a4 Nc6 18. Nge2 Qa3 19. Qh3 Nxd4 20. Qxh1
c6 21. Nxd4 Bxd4 22. Ne2 Bb2 23. Rxc6 dxc6 24. Qxc6 Qa1+ 25. Kd2 Qa2 26. Bc4
Rd5+ 27. Kc2 Bd4+ 28. Bxa2 Rc5+ 29. Qxc5 Bxc5 30. Bxe6+ Kg7 31. f4 Re8 32. f5
Kh7 33. Nf4 Bd4 34. f6 Be5 35. f7 Rb8 36. Nd3 Bg7 37. Bf5+ Kh8 38. Bd2 Bh6 39.
Bc3+ Bg7 40. Nf4 Bxc3 41. Kxc3 Kg7 42. Be6 Kf6 43. Bc4 Rc8 44. Nd5+ Kg7 45. Nb6
Rc7 46. a5 Rc5 47. Kb4 Rh5 48. Nd7 1-0

[Event "4NCL Online Division 2"]
[Site "online"]
[Date "2020.09.08"]
[Round "2.91"]
[White "Hasson, Peter"]
[Black "Villiers, Thomas"]
[Result "0-1"]
[WhiteElo "2072"]
[BlackElo "2252"]
[PlyCount "90"]
[EventDate "2020.09.08"]
[WhiteTeam "CSC 2"]
[BlackTeam "Mushrooms 1"]

1. c4 Nf6 2. g3 e5 3. Bg2 Bc5 4. Nc3 O-O 5. e3 Re8 6. d3 c6 7. Qb3 Na6 8. Nge2
d5 9. cxd5 cxd5 10. Nxd5 Nxd5 11. Bxd5 Bb4+ 12. Kf1 Bh3+ 13. Bg2 Be6 14. Qd1
Nc5 15. d4 Bc4 16. Kg1 Rc8 17. b3 Bxe2 18. Qxe2 exd4 19. Bd2 Bxd2 20. Qxd2 dxe3
21. Qxd8 exf2+ 22. Kxf2 Rcxd8 23. Rhd1 Kf8 24. Rd5 Rxd5 25. Bxd5 Rd8 26. Bf3
Rd2+ 27. Ke3 Rxh2 28. b4 Na4 29. Bxb7 Rb2 30. a3 Rb3+ 31. Kf4 Nc3 32. Bf3 Nb5
33. Bc6 Nxa3 34. b5 Nxb5 35. Bxb5 Rxb5 36. Rxa7 g6 37. g4 h6 38. Rc7 Kg7 39.
Rc6 h5 40. gxh5 Rxh5 41. Ra6 Rh4+ 42. Kg3 Rb4 43. Rc6 g5 44. Ra6 f6 45. Rc6 Kg6
0-1

[Event "4NCL Online Division 2"]
[Site "online"]
[Date "2020.09.08"]
[Round "2.92"]
[White "Wilks, Simon"]
[Black "McGettigan, Andrew"]
[Result "1-0"]
[WhiteElo "2207"]
[BlackElo "2050"]
[PlyCount "115"]
[EventDate "2020.09.08"]
[WhiteTeam "Mushrooms 1"]
[BlackTeam "CSC 2"]

1. e4 c6 2. Nc3 d5 3. Nf3 Nf6 4. e5 Ne4 5. Ne2 Qb6 6. d4 e6 7. Ng3 c5 8. Bd3
cxd4 9. Nxe4 dxe4 10. Bxe4 Nc6 11. O-O Bc5 12. a3 a5 13. Qe2 h6 14. Bd2 a4 15.
Kh1 Bd7 16. Rfb1 Qc7 17. Bd3 Ne7 18. Rc1 Bc6 19. c3 dxc3 20. Bxc3 Qb6 21. Kg1
O-O 22. Bc2 Rad8 23. Rd1 Rxd1+ 24. Rxd1 Rd8 25. h3 Rxd1+ 26. Bxd1 Nd5 27. Be1
Nf4 28. Qd2 g5 29. h4 Be7 30. hxg5 hxg5 31. g3 Nh3+ 32. Kf1 Qb5+ 33. Be2 Qd5
34. Qxd5 Bxd5 35. Nh2 Bc5 36. Ng4 Kg7 37. Bd1 b5 38. Be2 Bc6 39. Bd2 Kg6 40.
Be3 Bxe3 41. Nxe3 f5 42. exf6 Kxf6 43. Bg4 Nf4 44. gxf4 gxf4 45. Nc2 Ke5 46.
Ke1 Bd5 47. Kd2 Ke4 48. Bh5 e5 49. Nb4 Bc4 50. Be2 Kd4 51. Nc2+ Kc5 52. Bf3 Bf1
53. Be4 Kc4 54. f3 Kb3 55. Kc1 Be2 56. Nb4 Bc4 57. Nc6 Be2 58. Nxe5 1-0

[Event "4NCL Online Division 2"]
[Site "online"]
[Date "2020.09.08"]
[Round "2.93"]
[White "Kallitsis, Nikolaos"]
[Black "Scott, David A"]
[Result "1-0"]
[WhiteElo "2034"]
[BlackElo "2057"]
[PlyCount "71"]
[EventDate "2020.09.08"]
[WhiteTeam "CSC 2"]
[BlackTeam "Mushrooms 1"]

1. e4 e6 2. d4 d5 3. exd5 exd5 4. c4 Nf6 5. Nc3 Bb4 6. Bd3 O-O 7. Nge2 dxc4 8.
Bxc4 Nbd7 9. a3 Be7 10. O-O Nb6 11. Ba2 c6 12. Nf4 Bf5 13. d5 cxd5 14. Nfxd5
Nbxd5 15. Nxd5 Nxd5 16. Bxd5 Qb6 17. Qf3 Be6 18. Bxb7 Rad8 19. b4 Rd7 20. Be4
a5 21. Be3 Qa6 22. b5 Qxb5 23. Bc6 Qa6 24. Bxd7 Bxd7 25. Rfc1 Rc8 26. Bd4 Bc6
27. Qg3 Bf8 28. Rc5 Rd8 29. Bxg7 Bxg7 30. Rg5 Qe2 31. Rxg7+ Kh8 32. Rg8+ Rxg8
33. Qc3+ Rg7 34. Qxc6 Qb2 35. Re1 Qxa3 36. Re8+ 1-0

[Event "4NCL Online Division 2"]
[Site "online"]
[Date "2020.09.08"]
[Round "2.94"]
[White "Wilson, David Jn."]
[Black "Lawson, Maurice E"]
[Result "0-1"]
[WhiteElo "2035"]
[BlackElo "1983"]
[PlyCount "114"]
[EventDate "2020.09.08"]
[WhiteTeam "Mushrooms 1"]
[BlackTeam "CSC 2"]

1. e4 c6 2. d4 d5 3. f3 e6 4. Nc3 Bb4 5. Be2 Ne7 6. Nh3 b6 7. O-O Bxc3 8. bxc3
Ba6 9. Ba3 Bxe2 10. Qxe2 Nd7 11. c4 dxc4 12. Qxc4 Rc8 13. Ng5 c5 14. d5 exd5
15. exd5 O-O 16. Rad1 Ng6 17. Qg4 Nf6 18. Qf5 Re8 19. Bb2 Qd7 20. Qd3 Nf4 21.
Qc4 Qf5 22. Bxf6 Qxf6 23. Ne4 Qg6 24. g3 Rcd8 25. Kh1 Nh5 26. a4 Nf6 27. Nf2
Re3 28. Nh3 Nh5 29. Qh4 Nf6 30. c4 Qc2 31. Qf4 Re2 32. g4 Kh8 33. Ng5 Rf8 34.
d6 h6 35. Nh3 Rd8 36. Ng1 Re6 37. a5 g5 38. Qg3 Qxc4 39. axb6 axb6 40. h4 Qf4
41. Qxf4 gxf4 42. Nh3 Rexd6 43. Rxd6 Rxd6 44. Nxf4 Rd4 45. Ng2 Nd5 46. Kh2 c4
47. Kg3 c3 48. Rc1 b5 49. Ne1 b4 50. Nc2 Rd3 51. Ne1 Rd2 52. Rb1 c2 53. Rc1 b3
54. g5 b2 55. Rxc2 Rxc2 56. Nxc2 b1=Q 57. Nd4 hxg5 0-1

[Event "4NCL Online Division 2"]
[Site "online"]
[Date "2020.09.08"]
[Round "2.101"]
[White "Olehnovics, Andrejs"]
[Black "Sedykh, Mikhail"]
[Result "1/2-1/2"]
[WhiteElo "2050"]
[BlackElo "2192"]
[PlyCount "74"]
[EventDate "2020.09.08"]
[WhiteTeam "Oxford 2"]
[BlackTeam "Catford Cosmonauts 1"]

1. d4 d5 2. Nf3 Nf6 3. g3 e6 4. Bg2 c5 5. O-O Nc6 6. c4 dxc4 7. Ne5 Nd5 8. Nxc6
bxc6 9. Na3 Ba6 10. Qa4 Qb6 11. dxc5 Bxc5 12. Nxc4 Qb5 13. Qxb5 Bxb5 14. b3 Bd4
15. Rb1 O-O 16. Bd2 Rfd8 17. Rfc1 Nb6 18. Ba5 Rab8 19. a4 Bxc4 20. bxc4 Rdc8
21. Bxb6 axb6 22. e3 Bc5 23. a5 bxa5 24. Rxb8 Rxb8 25. Bxc6 Rc8 26. Bb5 Rd8 27.
Ra1 Bb4 28. Ra2 Kf8 29. Kg2 Ke7 30. h4 Rd1 31. h5 Kf6 32. g4 g6 33. hxg6 hxg6
34. Rc2 Bc5 35. Ra2 Bb4 36. Rc2 Bc5 37. Ra2 Bb4 1/2-1/2

[Event "4NCL Online Division 2"]
[Site "online"]
[Date "2020.09.08"]
[Round "2.102"]
[White "Robertson, Mark M"]
[Black "Hayward, Philip"]
[Result "1-0"]
[WhiteElo "2087"]
[BlackElo "2017"]
[PlyCount "77"]
[EventDate "2020.09.08"]
[WhiteTeam "Catford Cosmonauts 1"]
[BlackTeam "Oxford 2"]

1. e4 e6 2. d4 d5 3. Nd2 Nf6 4. e5 Nfd7 5. Bd3 c5 6. c3 Nc6 7. Ne2 cxd4 8. cxd4
f6 9. exf6 Nxf6 10. Nf3 Bd6 11. O-O Qc7 12. Nc3 a6 13. Bd2 O-O 14. Rc1 Bd7 15.
Qe2 Rac8 16. Na4 Qd8 17. Nc5 Nxd4 18. Nxd4 Bxc5 19. Rxc5 Rxc5 20. Bb4 Rc8 21.
Bxf8 Qxf8 22. Nxe6 Bxe6 23. Qxe6+ Kh8 24. g3 Qc5 25. Re1 Rf8 26. Qe7 Ne4 27.
Qxc5 Nxc5 28. Bc2 Kg8 29. b4 Nd7 30. Re7 Rd8 31. Bf5 Nb8 32. Be6+ Kf8 33. Rf7+
Ke8 34. Rxg7 d4 35. Rxh7 Rd6 36. Bb3 Nd7 37. Kf1 Rb6 38. Ba4 Rd6 39. Rxd7 1-0

[Event "4NCL Online Division 2"]
[Site "online"]
[Date "2020.09.08"]
[Round "2.103"]
[White "Wilson, Edgar"]
[Black "Roberts, Mike"]
[Result "1/2-1/2"]
[WhiteElo "1952"]
[BlackElo "2042"]
[PlyCount "159"]
[EventDate "2020.09.08"]
[WhiteTeam "Oxford 2"]
[BlackTeam "Catford Cosmonauts 1"]

1. e4 c5 2. Nf3 d6 3. d4 cxd4 4. Nxd4 Nf6 5. Nc3 a6 6. Be2 e5 7. Nb3 Be7 8. Be3
Be6 9. O-O O-O 10. Qd2 Nbd7 11. a4 Rc8 12. a5 Qc7 13. Rfd1 Qc6 14. Bf3 Rfe8 15.
Nc1 Nc5 16. Bxc5 dxc5 17. Nd5 Bxd5 18. exd5 Qd7 19. d6 Bf8 20. Bd5 Nxd5 21.
Qxd5 Rc6 22. Qf3 Rxd6 23. Nb3 Qc7 24. Rxd6 Bxd6 25. h3 e4 26. Qe2 Qe7 27. Re1
Qe5 28. g3 f5 29. c3 f4 30. Qc4+ Kh8 31. f3 Qg5 32. g4 Qh4 33. Qf1 Qg3+ 34. Kh1
e3 35. Nd2 Be7 36. Ne4 Qh4 37. Rd1 e2 38. Qxe2 Qxh3+ 39. Kg1 Bh4 40. Qg2 Qxg2+
41. Kxg2 Rc8 42. g5 h6 43. Rh1 Bg3 44. gxh6 gxh6 45. Rxh6+ Kg7 46. Rb6 Rc7 47.
Nxg3 fxg3 48. Kxg3 Kf7 49. Kf4 c4 50. Ke4 Rc5 51. Rxb7+ Ke8 52. f4 Rxa5 53. Rc7
Rb5 54. Rxc4 Rxb2 55. Rc6 a5 56. f5 a4 57. Ke5 a3 58. f6 a2 59. Ra6 Re2+ 60.
Kd4 Kf7 61. c4 a1=Q+ 62. Rxa1 Kxf6 63. Kd5 Ke7 64. Ra7+ Kd8 65. Kc6 Re6+ 66.
Kb5 Rh6 67. c5 Kc8 68. Rg7 Kb8 69. c6 Rh1 70. Rg8+ Kc7 71. Rg7+ Kc8 72. Kc5
Rc1+ 73. Kd6 Rd1+ 74. Ke5 Re1+ 75. Kd4 Rc1 76. Kd5 Rd1+ 77. Ke4 Rc1 78. Kd5
Rd1+ 79. Kc4 Rc1+ 80. Kd5 1/2-1/2

[Event "4NCL Online Division 2"]
[Site "online"]
[Date "2020.09.08"]
[Round "2.104"]
[White "Turner, Howard"]
[Black "Zakarian, Dimitrios Levon"]
[Result "1-0"]
[WhiteElo "1930"]
[BlackElo "1915"]
[PlyCount "93"]
[EventDate "2020.09.08"]
[WhiteTeam "Catford Cosmonauts 1"]
[BlackTeam "Oxford 2"]

1. g3 Nf6 2. Bg2 d5 3. Nf3 c5 4. O-O Nc6 5. d4 cxd4 6. Nxd4 e5 7. Nxc6 bxc6 8.
c4 Be7 9. cxd5 cxd5 10. Nc3 Be6 11. Bg5 d4 12. Bxf6 Bxf6 13. Ne4 Be7 14. Qa4+
Bd7 15. Qc4 O-O 16. Qd5 Be6 17. Qxe5 Qb6 18. b3 Rac8 19. Rfc1 f5 20. Rxc8 Rxc8
21. Nd2 Bf6 22. Qf4 Rc2 23. Nc4 Bxc4 24. bxc4 g6 25. Bd5+ Kg7 26. Re1 Rxa2 27.
g4 Qa5 28. Kf1 Ra1 29. Rxa1 Qxa1+ 30. Kg2 fxg4 31. Qxg4 Qa4 32. Qe6 Qc2 33.
Qf7+ Kh6 34. Qxf6 Qxe2 35. Qxd4 Qh5 36. Qe3+ Kg7 37. Qe7+ Kh6 38. Bf3 Qf5 39.
Qe4 Qg5+ 40. Qg4 Qd8 41. Qf4+ Kg7 42. Bd5 a5 43. h4 a4 44. Qg5 Qd6 45. h5 a3
46. h6+ Kh8 47. Qe3 1-0

[Event "4NCL Online Division 2"]
[Site "online"]
[Date "2020.09.08"]
[Round "2.111"]
[White "Lewis, Christopher D"]
[Black "Madden, Paul"]
[Result "0-1"]
[WhiteElo "1922"]
[BlackElo "2087"]
[PlyCount "76"]
[EventDate "2020.09.08"]
[WhiteTeam "Shropshire 2"]
[BlackTeam "Ashfield Anonymous A"]

1. d4 Nf6 2. c4 g6 3. Nc3 d5 4. cxd5 Nxd5 5. e4 Nxc3 6. bxc3 c5 7. Bb5+ Nd7 8.
Ne2 Bg7 9. O-O O-O 10. Be3 Qc7 11. Qd2 Rd8 12. Rfd1 Nb6 13. Bd3 Bd7 14. Rac1
Ba4 15. Bc2 Nc4 16. Qe1 Nxe3 17. fxe3 Bb5 18. Bb3 Bh6 19. Qf2 c4 20. Bc2 Qa5
21. Bb1 e5 22. dxe5 Be8 23. Nf4 Qxe5 24. Rd4 Bc6 25. Rcd1 Qe7 26. Kf1 Bg7 27.
Rxd8+ Rxd8 28. Nd5 Bxd5 29. exd5 Bxc3 30. Ke2 Qe5 31. Qh4 Rxd5 32. Bc2 b5 33.
Be4 Rxd1 34. Kxd1 Qd6+ 35. Ke2 Qd2+ 36. Kf3 Qd1+ 37. Kf4 f6 38. Qh3 Be5# 0-1

[Event "4NCL Online Division 2"]
[Site "online"]
[Date "2020.09.08"]
[Round "2.112"]
[White "Garnett, John S"]
[Black "Kolbusz, George"]
[Result "1-0"]
[WhiteElo "1960"]
[BlackElo "1900"]
[PlyCount "59"]
[EventDate "2020.09.08"]
[WhiteTeam "Ashfield Anonymous A"]
[BlackTeam "Shropshire 2"]

1. d4 Nf6 2. Bg5 Ne4 3. Bf4 d6 4. f3 Nf6 5. e4 g6 6. Bc4 Bg7 7. Ne2 O-O 8. Nbc3
Nbd7 9. Qd2 e5 10. Bh6 Nb6 11. Bb3 Qe7 12. Bxg7 Kxg7 13. O-O-O c5 14. dxc5 dxc5
15. Bd5 Be6 16. Bxe6 Qxe6 17. Qe3 Rfc8 18. g4 a6 19. h4 Nc4 20. Qf2 h6 21. g5
Nh5 22. gxh6+ Kh7 23. Nd5 b5 24. f4 exf4 25. Nexf4 Nxf4 26. Qxf4 Ne5 27. Nb6
Qxb6 28. Qxe5 Kxh6 29. h5 g5 30. Rd6+ 1-0

[Event "4NCL Online Division 2"]
[Site "online"]
[Date "2020.09.08"]
[Round "2.113"]
[White "Pugh, Glyn D"]
[Black "Truman, Richard G"]
[Result "1/2-1/2"]
[WhiteElo "1900"]
[BlackElo "2035"]
[PlyCount "114"]
[EventDate "2020.09.08"]
[WhiteTeam "Shropshire 2"]
[BlackTeam "Ashfield Anonymous A"]

1. e4 c5 2. Nc3 e6 3. g3 Nc6 4. Bg2 g6 5. d3 Bg7 6. Be3 d6 7. f4 Nge7 8. Nge2
Nd4 9. O-O Rb8 10. Qd2 O-O 11. Nd1 b5 12. c3 Nxe2+ 13. Qxe2 b4 14. g4 f5 15. h3
Ba6 16. Bd2 Qd7 17. Re1 Rfe8 18. Qe3 Nc6 19. Nf2 Rbc8 20. Rad1 Bb7 21. Qg3 d5
22. Re2 d4 23. c4 Kh8 24. Rde1 Ne7 25. b3 a5 26. exf5 exf5 27. Bxb7 Qxb7 28.
gxf5 gxf5 29. Qh4 Rg8 30. Kh2 Ng6 31. Qh5 Qd7 32. Re6 Rc6 33. Qxf5 Rf8 34. Qd5
Rc7 35. Ng4 Nxf4 36. Bxf4 Rxf4 37. Re8+ Rf8 38. Rxf8+ Bxf8 39. Qxd7 Rxd7 40.
Re8 Kg7 41. Kg2 Bd6 42. Re6 Bf4 43. Nf2 Kf7 44. Ra6 Bc7 45. Ne4 Re7 46. Rc6 Bd8
47. Rxc5 Ke6 48. Rh5 Rg7+ 49. Kf2 Rf7+ 50. Ke2 Rg7 51. Kf2 Rf7+ 52. Ke2 Rg7 53.
Rd5 Bc7 54. Ng5+ Kf6 55. Ne4+ Ke6 56. Ng5+ Kf6 57. Ne4+ Ke6 1/2-1/2

[Event "4NCL Online Division 2"]
[Site "online"]
[Date "2020.09.08"]
[Round "2.114"]
[White "Flynn, David"]
[Black "Clark, Matthew D H"]
[Result "1/2-1/2"]
[WhiteElo "1862"]
[BlackElo "1870"]
[PlyCount "120"]
[EventDate "2020.09.08"]
[WhiteTeam "Ashfield Anonymous A"]
[BlackTeam "Shropshire 2"]

1. e4 c5 2. c3 Nf6 3. e5 Nd5 4. Nf3 e6 5. Bc4 Nb6 6. Bb3 d6 7. exd6 Bxd6 8. Na3
Nc6 9. Nb5 Be7 10. d4 a6 11. dxc5 axb5 12. cxb6 Qxb6 13. Be3 Bc5 14. Bxc5 Qxc5
15. O-O O-O 16. Qe2 Qh5 17. Rfe1 b4 18. Rac1 bxc3 19. Rxc3 e5 20. Nxe5 Qxe2 21.
Rxe2 Nd4 22. Re1 Nxb3 23. Rxb3 Rxa2 24. Nd3 Bf5 25. Nc5 g6 26. Rxb7 Rc8 27. Rb5
Kg7 28. f3 Rc7 29. Kf2 Bd7 30. Nxd7 Rxd7 31. Re2 Rc7 32. Rb6 Rca7 33. Ke3 Rd7
34. Rd2 Rc7 35. Kd3 h5 36. Rc2 Re7 37. Kc3 Raa7 38. Kb4 Rad7 39. b3 Rd4+ 40.
Ka3 Ra7+ 41. Kb2 Re7 42. Rbc6 Red7 43. R6c4 Rd1 44. b4 Ra7 45. b5 Raa1 46. Rc1
Raxc1 47. Rxc1 Rd5 48. b6 Rb5+ 49. Kc2 Rxb6 50. Kd2 Rb2+ 51. Rc2 Rb6 52. Ke3
Rb4 53. g3 Rb3+ 54. Kf2 Rb7 55. Ra2 Rc7 56. Rb2 Ra7 57. Rc2 Rb7 58. Ra2 Rc7 59.
Rb2 Ra7 60. Rc2 Rb7 1/2-1/2

[Event "4NCL Online Division 2"]
[Site "online"]
[Date "2020.09.08"]
[Round "2.121"]
[White "Chesters, Tim"]
[Black "Walker, Max"]
[Result "1-0"]
[WhiteElo "2222"]
[BlackElo "2080"]
[PlyCount "63"]
[EventDate "2020.09.08"]
[WhiteTeam "Hull & Beverley Romans 1"]
[BlackTeam "The Rook1Es"]

1. e4 e5 2. Nf3 Nf6 3. Nc3 Nc6 4. Bb5 Bc5 5. O-O d6 6. d4 Bxd4 7. Nxd4 exd4 8.
Qxd4 O-O 9. Bxc6 bxc6 10. Bg5 c5 11. Qd1 h6 12. Bh4 g5 13. Bg3 Bg4 14. f3 Bh5
15. Qd3 Bg6 16. f4 Nh5 17. f5 Nxg3 18. Qxg3 Bh7 19. f6 Bg6 20. h4 gxh4 21. Qxh4
Kh7 22. Rf3 Rh8 23. Nd5 Kg8 24. Ne7+ Kf8 25. Qg4 Qe8 26. Re1 Rb8 27. e5 Rb4 28.
c4 h5 29. Qg5 Rxc4 30. e6 Rg4 31. Nxg6+ fxg6 32. e7+ 1-0

[Event "4NCL Online Division 2"]
[Site "online"]
[Date "2020.09.08"]
[Round "2.122"]
[White "Stubbs, Oliver"]
[Black "Vleeshhouwer, Douglas"]
[Result "0-1"]
[WhiteElo "2072"]
[BlackElo "2065"]
[PlyCount "94"]
[EventDate "2020.09.08"]
[WhiteTeam "The Rook1Es"]
[BlackTeam "Hull & Beverley Romans 1"]

1. d4 d5 2. Bf4 Nf6 3. e3 c5 4. Nf3 cxd4 5. exd4 Bf5 6. c3 Nc6 7. Qb3 Qc8 8.
Nbd2 e6 9. Nh4 Be4 10. f3 Bg6 11. Nxg6 hxg6 12. g4 Be7 13. Bg2 g5 14. Bg3 Qd7
15. O-O Bd6 16. Rfe1 O-O-O 17. Nf1 Kb8 18. Qa3 Bf4 19. b4 Qd6 20. Qc1 Ka8 21.
b5 Ne7 22. Bxf4 gxf4 23. Rb1 Rh4 24. Qc2 Rdh8 25. Re2 Ng6 26. Qa4 Nxg4 27. fxg4
f3 28. Bxf3 Nf4 29. Rd2 Nh3+ 30. Kh1 Ng5 31. Qd1 Rh3 32. Bg2 Rxh2+ 33. Kg1 Nh3+
34. Bxh3 R2xh3 35. Rg2 Qf4 36. Rh2 Rxh2 37. Nxh2 Qxh2+ 38. Kf1 Qh1+ 39. Kf2
Rh2+ 40. Kg3 Qg2+ 41. Kf4 Qe4+ 42. Kg3 Rg2+ 43. Kh3 Rxa2 44. Qg1 g5 45. Rf1
Qh7+ 46. Kg3 Qh4+ 47. Kf3 Qh3+ 0-1

[Event "4NCL Online Division 2"]
[Site "online"]
[Date "2020.09.08"]
[Round "2.123"]
[White "Turner, Tim M"]
[Black "Gao, Ian"]
[Result "0-1"]
[WhiteElo "1892"]
[BlackElo "1960"]
[PlyCount "92"]
[EventDate "2020.09.08"]
[WhiteTeam "Hull & Beverley Romans 1"]
[BlackTeam "The Rook1Es"]

1. Nf3 d5 2. c4 d4 3. b4 e6 4. a3 Nf6 5. d3 Be7 6. Bb2 c5 7. bxc5 Nc6 8. g3 O-O
9. Bg2 e5 10. Nbd2 Bxc5 11. O-O Bf5 12. Ng5 Be7 13. Qb3 Na5 14. Qa2 Qd7 15.
Rad1 Rac8 16. Nge4 Nxe4 17. Nxe4 b5 18. e3 bxc4 19. exd4 exd4 20. dxc4 Rxc4 21.
Bc3 Bxe4 22. Bxa5 Bxg2 23. Qxc4 Bxf1 24. Kxf1 Bf6 25. h4 Rc8 26. Qd3 Qh3+ 27.
Kg1 Qd7 28. Bb4 h5 29. Re1 Qc6 30. Kh2 g6 31. Kh3 Kg7 32. Kh2 Qc2 33. Qf3 d3
34. Rd1 Rd8 35. Rd2 Qc4 36. Kh3 Bc3 37. Bxc3+ Qxc3 38. Qe3 Qxa3 39. Qe5+ Kg8
40. Qc7 Rd5 41. Qb7 Qa5 42. Qb8+ Kh7 43. Qb7 Rf5 44. Rxd3 Rxf2 45. Rd5 Qe1 46.
Rd7 Qf1+ 0-1

[Event "4NCL Online Division 2"]
[Site "online"]
[Date "2020.09.08"]
[Round "2.124"]
[White "Goodhew, Finn"]
[Black "Varley, Joe"]
[Result "1/2-1/2"]
[WhiteElo "1585"]
[BlackElo "1825"]
[PlyCount "125"]
[EventDate "2020.09.08"]
[WhiteTeam "The Rook1Es"]
[BlackTeam "Hull & Beverley Romans 1"]

1. d4 Nf6 2. c4 g6 3. Nc3 d5 4. cxd5 Nxd5 5. e4 Nxc3 6. bxc3 Bg7 7. Bc4 c5 8.
Ne2 O-O 9. O-O Nc6 10. Be3 Qc7 11. dxc5 Ne5 12. Bd5 Ng4 13. Bf4 Qxc5 14. Rb1 a5
15. h3 Nf6 16. Bxb7 Bxb7 17. Rxb7 Nxe4 18. Rc7 Qa3 19. Qc2 Nf6 20. Rb1 Nd5 21.
Bc1 Qd6 22. Rcb7 Rfc8 23. Qe4 f5 24. Qh4 Qe6 25. Nf4 Qe1+ 26. Kh2 Bf6 27. Qg3
Nxf4 28. Bxf4 Qxc3 29. Qxc3 Rxc3 30. Rb8+ Rxb8 31. Rxb8+ Kf7 32. Rb3 Rc2 33.
Ra3 Rxf2 34. Bg3 Rf1 35. Bc7 f4 36. Rxa5 Bh4 37. g4 Bg3+ 38. Kg2 Rf2+ 39. Kg1
Rc2 40. Bb8 Rb2 41. Be5 Rc2 42. Rb5 Rxa2 43. Rb4 f3 44. Bxg3 Rg2+ 45. Kf1 Rxg3
46. h4 e5 47. Kf2 Rh3 48. Rb7+ Kf6 49. Rb6+ Ke7 50. Rb7+ Ke6 51. Ke3 h5 52.
Rb6+ Kd5 53. Rxg6 Rxh4 54. gxh5 e4 55. Rg5+ Kc4 56. Rf5 Kb4 57. Rg5 Kc3 58.
Rc5+ Kb2 59. Rg5 Kc2 60. Rc5+ Kd1 61. Ra5 Rg4 62. Ra1+ Kc2 63. Rh1 1/2-1/2

[Event "4NCL Online Division 2"]
[Site "online"]
[Date "2020.09.08"]
[Round "2.131"]
[White "Watson, Mikey J"]
[Black "Higgie, Charles L"]
[Result "1/2-1/2"]
[WhiteElo "2155"]
[BlackElo "1922"]
[PlyCount "124"]
[EventDate "2020.09.08"]
[WhiteTeam "Kent KJCA Kestrels B"]
[BlackTeam "Malpas & Oswestry"]

1. e4 c5 2. c3 Nf6 3. e5 Nd5 4. d4 cxd4 5. cxd4 d6 6. Nf3 Nc6 7. Bc4 Nb6 8. Bb3
dxe5 9. dxe5 Qxd1+ 10. Bxd1 g6 11. O-O Bg7 12. Re1 Nc4 13. Ba4 Bd7 14. Bxc6
Bxc6 15. b3 Bxf3 16. bxc4 Bg4 17. Bb2 Rc8 18. Na3 Be6 19. Bd4 b6 20. Rac1 Bh6
21. Rc2 Bf5 22. Rb2 Bd3 23. Nb5 Rxc4 24. Nd6+ exd6 25. exd6+ Kd7 26. Bxh8 Kxd6
27. g3 Rc1 28. Rxc1 Bxc1 29. Rb3 Be4 30. f3 Bd5 31. Rd3 b5 32. Kf2 b4 33. Rd1
Bh6 34. Bd4 a5 35. f4 a4 36. Rb1 b3 37. axb3 Bxb3 38. Ke3 Kd5 39. Bb2 Bf8 40.
Ra1 Bc5+ 41. Kd3 f5 42. Ba3 Bc4+ 43. Kd2 Bd4 44. Re1 h6 45. Re7 Bb5 46. Kc2 Bc6
47. Rh7 h5 48. Re7 Kc4 49. Rc7 Kb5 50. Kd3 Bg1 51. Rg7 Bxh2 52. Rxg6 Bf3 53.
Ke3 Bg4 54. Kf2 h4 55. gxh4 Bxf4 56. Rg7 Kc4 57. Rb7 Bd2 58. Rb2 Bc3 59. Rb7 f4
60. Bc1 Bd4+ 61. Kg2 f3+ 62. Kg3 Bh5 1/2-1/2

[Event "4NCL Online Division 2"]
[Site "online"]
[Date "2020.09.08"]
[Round "2.132"]
[White "Lovatt, Peter G"]
[Black "Jugand, Jean-Baptiste"]
[Result "0-1"]
[WhiteElo "1877"]
[BlackElo "2057"]
[PlyCount "114"]
[EventDate "2020.09.08"]
[WhiteTeam "Malpas & Oswestry"]
[BlackTeam "Kent KJCA Kestrels B"]

1. d4 c6 2. Nf3 d5 3. Bf4 Nf6 4. h3 c5 5. e3 Nc6 6. c3 Qb6 7. Qb3 e6 8. dxc5
Qxc5 9. Be2 g6 10. O-O Bg7 11. Nbd2 O-O 12. Rac1 Re8 13. Ne5 a6 14. Rfd1 b5 15.
Nxc6 Qxc6 16. Nf3 Nd7 17. Bh2 Bb7 18. Nd4 Qc8 19. Qc2 e5 20. Nb3 Rb8 21. Bf3
Nb6 22. Na5 Ba8 23. e4 Qe6 24. exd5 Bxd5 25. Bxd5 Nxd5 26. Re1 Rbc8 27. Qe2 e4
28. Nb3 h6 29. Rcd1 Bxc3 30. bxc3 Nxc3 31. Qe3 Nxd1 32. Rxd1 Red8 33. Rxd8+
Rxd8 34. Bf4 g5 35. Bg3 f5 36. Bc7 Rd1+ 37. Kh2 f4 38. Qc5 Rd5 39. Qb6 Qxb6 40.
Bxb6 Rd1 41. Nc5 e3 42. fxe3 fxe3 43. Nxa6 e2 44. Ba5 e1=Q 45. Bxe1 Rxe1 46.
Nc7 Re5 47. Kg3 Kf7 48. h4 gxh4+ 49. Kxh4 b4 50. Na6 Rb5 51. g4 Rb6 52. Nc5 Kg6
53. Kg3 Kg5 54. Ne4+ Kg6 55. Kf4 Rb5 56. Nd2 Ra5 57. Nf3 Rxa2 0-1

[Event "4NCL Online Division 2"]
[Site "online"]
[Date "2020.09.08"]
[Round "2.133"]
[White "Watson, Jacob"]
[Black "Bailey, Adrian"]
[Result "1-0"]
[WhiteElo "2050"]
[BlackElo "1787"]
[PlyCount "113"]
[EventDate "2020.09.08"]
[WhiteTeam "Kent KJCA Kestrels B"]
[BlackTeam "Malpas & Oswestry"]

1. d4 Nf6 2. Nf3 g6 3. g3 Bg7 4. Bg2 d5 5. O-O O-O 6. b3 Nbd7 7. Bb2 Ne4 8. c4
c6 9. Nbd2 Ndf6 10. Ne5 Bf5 11. f3 Nd6 12. c5 Nb5 13. a4 Nc7 14. e4 Be6 15. Qc2
Nd7 16. Rad1 f6 17. Nxd7 Qxd7 18. Rfe1 Bh3 19. Bh1 Rfe8 20. f4 Bg4 21. Bf3 Bxf3
22. Nxf3 Qg4 23. Kg2 h5 24. h3 Qd7 25. e5 Kh7 26. Nh4 f5 27. g4 e6 28. Qf2 Qf7
29. Kh2 Rh8 30. gxh5 gxh5 31. Rg1 Rhg8 32. Nf3 Bh6 33. Qh4 Rxg1 34. Rxg1 Rg8
35. Ng5+ Bxg5 36. Rxg5 Rxg5 37. Qxg5 Ne8 38. b4 Nc7 39. Kg3 Qg7 40. Kh4 Na6 41.
Bc3 Nc7 42. Qxg7+ Kxg7 43. Kxh5 Kh7 44. Kg5 Kg7 45. h4 Ne8 46. h5 Kh7 47. h6
Nc7 48. Kf6 Kxh6 49. Ke7 Kh5 50. Kd6 Ne8+ 51. Kxe6 Ng7+ 52. Kf7 Kh6 53. e6 b5
54. axb5 cxb5 55. e7 Kh7 56. e8=Q Nxe8 57. Kxe8 1-0

[Event "4NCL Online Division 2"]
[Site "online"]
[Date "2020.09.08"]
[Round "2.134"]
[White "Penny, Liam"]
[Black "Keenan, Brendan"]
[Result "0-1"]
[WhiteElo "1765"]
[BlackElo "1952"]
[PlyCount "90"]
[EventDate "2020.09.08"]
[WhiteTeam "Malpas & Oswestry"]
[BlackTeam "Kent KJCA Kestrels B"]

1. d4 c6 2. Nf3 d5 3. e3 Bf5 4. Bd3 Bg6 5. h4 Nf6 6. Ne5 Bxd3 7. Qxd3 e6 8. Nd2
Nbd7 9. f4 Be7 10. b3 Ne4 11. Nxe4 dxe4 12. Qxe4 Bxh4+ 13. Ke2 Nf6 14. Qd3 Nh5
15. Rh3 g5 16. g4 Nf6 17. e4 Nd7 18. Nf3 f6 19. Nxh4 gxh4 20. Rxh4 Qe7 21. Be3
O-O-O 22. Rah1 Nc5 23. Qc4 Nxe4 24. Kf3 Nd6 25. Qe2 Qg7 26. Qh2 Qg6 27. Bc1
Qe4+ 28. Kg3 Rdg8 29. Rxh7 Nf5+ 30. Kf2 Qxc2+ 31. Kf3 Qd3+ 32. Kf2 Rxh7 33.
Qxh7 Qg3+ 34. Ke2 Qxg4+ 35. Kd3 Qg3+ 36. Kc4 Rd8 37. Bb2 Qxf4 38. Qh2 Qf3 39.
Qh3 Qd5+ 40. Kb4 Nxd4 41. Bxd4 Qxd4+ 42. Ka3 Qc5+ 43. Kb2 Rd2+ 44. Ka1 Qd4+ 45.
Kb1 Qb2# 0-1